000 00472nam a2200181Ia 4500
008 090124s9999 xx 000 0 und d
082 _b31489
_a2905
100 _aजोशी शरद
245 _a बाप रे बाप !
250 _a1
260 _c2002
300 _a64
600 _aजोशी शरद
630 _a बाप रे बाप !
700 _aजोशी शरद
730 _a बाप रे बाप !
942 _cBOOK
999 _c144968
_d144968